000 00816nam a22002897a 4500
001 BR8108786
003 BR-BrBNA
005 20230928091212.0
007 ta
008 230509b bl.||||| |||| 00| 0 por d
040 _aBR-BrBNA
_bpor
_cBiblioteca Nacional de Agricultura
041 _a(Por)
072 _aE10; E70
_b/G514
090 _ E10 BR8108786
110 1 _aFundacao de Economia e Estatistica, Porto Alegre, RS (Brasil)
_94853
245 1 _aRS uma decada 1970-1979 [Rio Grande do Sul, economia, estatistica]
260 3 _aPorto Alegre, RS (Brasil):
_c1981.
300 _a31 p.
500 _a19 graphs
650 _aECONOMIA
650 _aESTATISTICA AGRICOLA
650 _aPRECO
650 _aPRODUTO AGRICOLA
650 _aCONSUMIDOR
909 _a202309
_bLucia
_c55
_dLucia Elande
942 _cBK
999 _c32805
_d32805